| 000 | 01690nam a2200397 c 4500 | ||
|---|---|---|---|
| 999 |
_c63076 _d63076 |
||
| 003 | BLK | ||
| 005 | 20210205092854.0 | ||
| 008 | 180408b bul|||||r ||||||| ||bul|| | ||
| 010 | _aKNG00067306000 | ||
| 020 | _a954-308-111-5 | ||
| 040 | _aBLK | ||
| 041 |
_aBUL _cBUL |
||
| 080 |
_aИстория на Египет (до 640 г. н. е.) _b932 _z932 |
||
| 080 |
_aПаметници на културата на историческите периоди. Археологическите паметници. Старини _b904 _x(32) _z904(32) |
||
| 100 | 1 |
_aSteele, Philip _eпърви автор _9284434 |
|
| 139 |
_aСтийл, Филип _bС 76 |
||
| 245 | 1 | 0 |
_aЗащо са построени пирамидите _c* Филип Стийл; Philip Steele; прев. Доряна Стефанова Петрова. |
| 257 | _aGBR | ||
| 260 |
_bПрес _c2006 _fПловдив : Делта+ |
||
| 300 |
_a32 с. _bс цв. ил. _c29 см |
||
| 380 | _aDN | ||
| 490 |
_aИскам всичко да знам _v24 _9201509 |
||
| 500 | _aОриг. загл. Pyramids were built / Philip Steele. -Съдържа и Пирамидите - тест. - Предм. показалец | ||
| 650 | 4 |
_aЕгипет _9252149 |
|
| 650 | 4 |
_aПирамиди - Древен Египет _9244478 |
|
| 653 | _aЕгипет | ||
| 653 | _aпирамиди | ||
| 653 | _aДревен Египет | ||
| 700 | 1 |
_aСтийл, Филип _e* _9368748 |
|
| 700 | 1 |
_aПетрова, Доряна Стефанова _eпрев. _9370118 |
|
| 852 | _aЦб ІІ 13895 | ||
| 856 | 4 | _qpdf | |
| 856 | 4 | _qpdf | |
| 942 |
_cKNG _n0 _01 _s1 |
||
| 944 |
_aCR _c28.07.2006 _kГеновева_Генчева |
||
| 944 |
_aED _c11.01.2007 |
||
| 999 | _d63076 | ||